000 00277nam a22001217a 4500
008 171018b xxu||||| |||| 00| 0 eng d
041 _aeng
080 _23RD
_a338
100 _a53
101 _aMEN
245 _aPROFESSIONAL MEETING MANAGEMENT
_cPOLIVKA.E.G
942 _2udc
_cBK
999 _c34729
_d34729